| 000 | 00857nam a22002892a 4500 | ||
|---|---|---|---|
| 001 | 33782 | ||
| 003 | BD-RjUL | ||
| 005 | 20211209052046.0 | ||
| 008 | 140511s1994 njua b 001 1 eng d | ||
| 020 | _a0138154236 | ||
| 020 | _a0138154155 (pbk.) | ||
| 035 | _a(BD-RjUL)33873 | ||
| 040 |
_aDLC _cDLC _dOCL _dBD-RjUL _beng |
||
| 041 | _aeng | ||
| 082 |
_a301.24 _bMOS 1994 |
||
| 100 | 1 |
_aMoore, Wilbert E. _9102582 |
|
| 245 | 1 | 0 |
_aSocial change / _cWilbert E. Moore. |
| 250 | _a2nd ed. | ||
| 260 |
_aEnglewood Cliffs, N.J : _bPrentice-Hall, _c1974 |
||
| 300 |
_ax, 132 p. : _bill. ; _c23 cm. |
||
| 490 | 1 | _aFoundations of modern sociology series | |
| 504 | _aBibliography: p. 125-127 | ||
| 650 | 0 |
_aSocial change _9102583 |
|
| 830 | 0 |
_aPrentice-Hall foundations of modern sociology series _9102604 |
|
| 942 |
_2ddc _cBK _02 |
||
| 999 |
_c33782 _d33782 |
||